Statistics for Anyone but Cristiano Ronaldo

Click here to take the quiz!

General Stats

  • This quiz has been taken 374 times
  • The average score is 52 of 100

Answer Stats

Man. United starting XI in Ronaldo's debut (2003 vs. Bolton)Player% Correct
2017-18 (Liverpool) | 2017-18, LiverpoolMohamed Salah
88%
2010-11, 2011-12, 2014-15, 2016-17 (Barcelona)Lionel Messi
85%
Tottenham Hotspur to Real Madrid, 2013Gareth Bale
84%
2014-15 (Barcelona) | Barcelona to PSG, 2017Neymar
80%
127 | Barcelona to Real Madrid, 2000Luis Figo
79%
2013-14, LiverpoolLuis Suarez
79%
2003-04, ArsenalThierry Henry
78%
203 | FWKarim Benzema
77%
Juventus to Manchester United, 2016Paul Pogba
77%
DFSergio Ramos
77%
2018, EnglandHarry Kane
76%
2017-18 (Liverpool)Sadio Mane
75%
MF | MF, GermanyToni Kroos
75%
MFLuka Modric
74%
103 | DF, PortugalPepe
74%
MFPaul Scholes
73%
323Raul
73%
DFRio Ferdinand
73%
MF | Manchester United, scoredRyan Giggs
72%
2013-14 (PSG)Zlatan Ibrahimovic
72%
GKKeylor Navas
71%
DFMarcelo
71%
2012-13 (Borussia Dortmund)Robert Lewandowski
71%
1994-95, 1995-96, Blackburn RoversAlan Shearer
70%
2014, Germany Thomas Muller
70%
2017-18 (Liverpool)Roberto Firmino
69%
Juventus to Real Madrid, 2001Zinedine Zidane
69%
FW, FranceAntoine Griezmann
68%
Chelsea, missedJohn Terry
68%
David Beckham
66%
2011-12, ArsenalRobin van Persie
66%
GK, PortugalRui Patricio
66%
MFCasemiro
64%
DFDani Carvajal
64%
Milan to Real Madrid, 2009Kaka
64%
DFGiorgio Chiellini
62%
2002, GermanyMiroslav Klose
62%
Chelsea, scoredFrank Lampard
61%
Manchester United, scoredNani
60%
112Nani`
60%
DFLeonardo Bonucci
59%
MF Paulo Dybala
59%
MF, WalesAaron Ramsey
58%
308Alfredo di Stefano
56%
DF, GermanyJerome Boateng
56%
1993-94, Newcastle UnitedAndy Cole
54%
Chelsea, scoredAshley Cole
54%
DFPhil Neville
54%
FWRuud van Nistelrooy
53%
2010, ArgentinaGonzalo Higuain
52%
Manchester United, scoredCarlos Tevez
51%
2014, SwitzerlandXherdan Shaqiri
51%
DFAlex Sandro
48%
208Hugo Sanchez
48%
Alexis Sanchez
46%
2011-12 (Bayern Munich)Mario Gomez
45%
Angel Di Maria
44%
Manchester United, scoredMichael Carrick
44%
MFRoy Keane
43%
242Ferenc Puskas
41%
Chelsea, missedNicolas Anelka
40%
MFDouglas Costa
38%
GKWojciech Szczesny
37%
Memphis Depay
36%
MFMiralem Pjanic
35%
DF, GermanyJoshua Kimmich
34%
Michael Owen
33%
MFJuan Cuadrado
32%
MFSami Khedira
31%
DFJoao Cancelo
30%
Manchester United, scoredAnderson
28%
Chelsea, scoredMichael Ballack
28%
Antonio Valencia
27%
Parma to Lazio, 2000Hernan Crespo
27%
1999-2000, SunderlandKevin Phillips
27%
GKTim Howard
26%
113Joao Moutinho
24%
MF, WalesJoe Allen
24%
Manchester United, scoredOwen Hargreaves
24%
DF, PortugalRaphael Guerreiro
24%
MF, FranceDimitri Payet
22%
2002, PortugalPauleta
22%
FWOle Gunnar Solskjaer
21%
MFNicky Butt
20%
182Paco Gento
18%
171Emilio Butragueno
17%
Chelsea, scoredSaloman Kalou
17%
DFMikael Silvestre
15%
172Pirri
8%
290Carlos Santillana
7%
110Fernando Couto
7%
Chelsea, scoredJuliano Belletti
7%
DFQuinton Fortune
5%

Score Distribution

Percentile by Number Answered

Percent of People with Each Score

Your Score History

You have not taken this quiz